000
00312nam a2200109Ia 4500
008
220204s9999 xx 000 0 und d
082
_a
NR:016RBF
_b
RRI.1
100
_a
Sujatha, V R
245
0
_a
Rubber based farming systems: An annotated bibliography. Articles.A-P
260
_a
Kottayam
_b
RRII
_c
2005
942
_c
BK
999
_c
44302
_d
44302